Lobbing v Evropské unii: běh na dlouhou trať
Pravidlá lobbovania v Európskej únii. Lobbovanie v Českej republike. Praktické príklady.
Salvato in:
| Autore principale: | |
|---|---|
| Natura: | Capitolo di libro |
| Lingua: | ceco |
| Soggetti: | |
| Tags: |
Nessun Tag, puoi essere il primo ad aggiungerne!!
|
MARC
| LEADER | 00000naa a2200000 4500 | ||
|---|---|---|---|
| 001 | r043497 | ||
| 005 | 20230927121315.7 | ||
| 041 | 0 | |a cze | |
| 044 | |a CZ | ||
| 245 | 1 | 0 | |a Lobbing v Evropské unii: běh na dlouhou trať |c Milan Fridrich |
| 520 | |a Pravidlá lobbovania v Európskej únii. Lobbovanie v Českej republike. Praktické príklady. | ||
| 610 | 2 | 0 | |a lobizmus |
| 610 | 2 | 0 | |a Európska únia |
| 610 | 2 | 0 | |a Česko |
| 610 | 2 | 0 | |a záujmy ekonomické |
| 100 | 1 | |a Fridrich, Milan | |